Mapa administracyjna Polski - Miasta (Lista) - Statystyki

Ogólne statystyki
  • Ten quiz został rozwiązany 85 razy
  • Średni wynik to 15 z 71
Odpowiedzi na mapie
Odpowiedzi zakodowano w zielono-czerwonej skali na mapie do tego quizu, zgodnie z poniższymi procentami.
 
Statystyki odpowiedzi
Odpowiedź % Poprawnych
Szczecin
94%
Gdynia
72%
Koszalin
72%
Świnoujście
72%
Elbląg
67%
Olsztyn
61%
Gdańsk
56%
Gorzów Wlkp.
56%
Kołobrzeg
56%
Słupsk
56%
Sopot
56%
Poznań
50%
Suwałki
50%
Toruń
44%
Warszawa
44%
Białystok
39%
Bydgoszcz
39%
Łeba
39%
Gniezno
28%
Łódź
28%
Mikołajki
28%
Płock
28%
Siedlce
28%
Augustów
22%
Radom
22%
Włocławek
22%
Konin
17%
Wrocław
17%
Zielona Góra
17%
Biała Podlaska
11%
Chełm
11%
Ciechocinek
11%
Częstochowa
11%
Jelenia Góra
11%
Kalisz
11%
Katowice
11%
Kłodzko
11%
Kraków
11%
Łomża
11%
Łowicz
11%
Wieliczka
11%
Zamość
11%
Zgorzelec
11%
Bielsko - Biała
6%
Kielce
6%
Lublin
6%
Nowy Sącz
6%
Nowy Targ
6%
Nysa
6%
Opole
6%
Piotrków Trybunalski
6%
Racibórz
6%
Rzeszów
6%
Wałbrzych
6%
Zakopane
6%
Żywiec
6%
Duszniki Zdr.
0%
Jasło
0%
Karpacz
0%
Krosno
0%
Krynica
0%
Kudowa Zdr.
0%
Legnica
0%
Lubin
0%
Przemyśl
0%
Sandomierz
0%
Szczawnica
0%
Szklarska Poręba
0%
Tarnobrzeg
0%
Tarnów
0%
Ustrzyki Górne
0%
Nie znaleziono quizów pasujących do podanych kryteriów
Rozkład punktacji
Procent ludzi z każdym wynikiem
Percentyl według liczby udzielonych odpowiedzi
Twoja historia wyników
Nie rozwiązałeś tego quizu